Statistiques concernant Les sous-marins nucléaires d'attaque français

Cliquez ici pour prendre le quiz!

Statistiques générales

  • Ce quiz a été pris 39 fois
  • Le résultat moyen est 5 sur 7

Statistiques - réponses

Réponse% Correct
Rubis
89%
Suffren
81%
Émeraude
78%
Perle
69%
Casabianca
67%
Améthyste
61%
Saphir
61%

Distribution des résultats

Percentile par nombre de réponses

% des personnes avec chaque résultat

Votre développement - résultats

Vous n’avez pas pris ce quiz